Statistics for Italian Serie A Teams Quiz

Click here to take the quiz!

General Stats

  • This quiz has been taken 41 times
  • The average score is 16 of 20

Answer Stats

Answer% Correct
AC Milan
100%
FC Internazionale Milano
100%
Juventus FC
100%
AS Roma
97%
SSC Napoli
97%
SS Lazio
89%
Atalanta Bergamo
86%
Torino FC
86%
Udinese
86%
ACF Fiorentina
81%
Bologna FC
78%
Genoa CFC
75%
US Sampdoria
75%
Venezia FC
75%
Cagliari Calcio
72%
Spezia Calcio
69%
Empoli FC
67%
US Sassuolo
67%
US Salernitana
61%
Hellas Verona
58%

Score Distribution

Percentile by Number Answered

Percent of People with Each Score

Your Score History

You have not taken this quiz